NBA 15 best dunkers ever - Statistics

General Stats
  • This quiz has been taken 41 times
  • The average score is 7 of 15
Answer Stats
Hint Answer % Correct
6 LeBron James
100%
5 Michael Jordan
89%
1 Vince Carter
89%
2 Julius Erving
56%
10 Dominique Wilkins
50%
13 Zach Lavine
47%
4 Aaron Gordon
44%
8 Blake Griffin
44%
12 Tracy McGrady
44%
7 Dwight Howard
42%
3 Nate Robinson
36%
14 Spud Webb
33%
11 Shawn Kemp
28%
9 Clyde Drexler
22%
15 Desmond Mason
8%
No matching quizzes found
Score Distribution
Percent of People with Each Score
Percentile by Number Answered
Your Score History
You have not taken this quiz